| 000 | 00375nam a22001577a 4500 | ||
|---|---|---|---|
| 005 | 20251108173150.0 | ||
| 008 | 250721s9999 xx 000 0 eng d | ||
| 082 | 1 | 4 | _a949.4/mik |
| 100 | 1 | _amikes, george | |
| 245 | 1 | 0 | _aswitzerland for beginners / |
| 264 | 1 |
_alondon : _bandre deutsch, |
|
| 300 | _a92 | ||
| 650 | 1 | 7 | _aSWISS HISTORY |
| 942 |
_2ddc _cBK |
||
| 999 |
_c97559 _d97559 |
||